000 00546nam a2200205Ia 4500
008 100315s9999 xx 000 0 und d
040 _cENGLISH 
082 _b3475 
100 _a"Singavi, Vijay "
245 _aDirect & Indirect Taxes 1999-2000
260 _aMumbai 
_bSheth  
_c1999 
300 _a500 
365 _eRupees 
_d
_b120.00 
366 _f
505 _gvaibhav gaikwad 
630 _aDirect & Indirect Taxes 1999-2000
650 _aTax 
730 _aDirect & Indirect Taxes 1999-2000
942 _cBOOK
999 _c478210
_d478207